| 000 | 00747nam a2200193 i 4500 | ||
|---|---|---|---|
| 001 | 45404 | ||
| 003 | ES-MaACL | ||
| 005 | 20230906161219.0 | ||
| 007 | t| | ||
| 008 | 030325s1966 sp ||||1| spa d | ||
| 100 | 1 |
_aColvin, Fred H. _939919 |
|
| 245 | 1 | 0 |
_aNuevo manual del taller mecánico / _cFred H. Colvin ; publicado bajo la dirección de Rupert Legrand ; basado en las últimas ediciones del Manual del taller mecánico de Fred H. Colvin y Frank A. Stanley ; traducción Antonio Amorós Massanet. |
| 260 |
_aBarcelona : _bLabor, _c1966. |
||
| 300 |
_a2 v. ; _c20 cm. |
||
| 700 | 1 |
_aLegrand, Rupert. _971300 |
|
| 700 | 1 |
_aStanley, Frank A. _9107902 |
|
| 700 | 1 |
_aAmorós Massanet, Antonio. _921321 |
|
| 852 |
_aES-MaACL _jC-29290-1 _bR.59760 |
||
| 999 |
_c45404 _d45404 |
||